Ekonomická kriminalita a forenzný audit v účtovnej na daňovej praxi bakalárska práca

Enregistré dans:
Détails bibliographiques
Auteur principal: Tušeková, Patrícia
Collectivité auteur: Národohospodárska fakulta EU. Katedra financií
Autres auteurs: Staríčková, Zuzana
Format: Livre
Langue:slovaque
Publié: Bratislava 2018
Tags: Ajouter un tag
Pas de tags, Soyez le premier à ajouter un tag!

MARC

LEADER 00000nbm a2200000 4500
001 0245915
005 20181214132527.0
041 0 |a slo 
044 |a SK 
245 1 0 |a Ekonomická kriminalita a forenzný audit v účtovnej na daňovej praxi  |b bakalárska práca  |c Patrícia Tušeková ; školiteľ: Zuzana Staríčková 
264 1 |a Bratislava  |c 2018 
300 |a 47 s. 
100 1 |a Tušeková, Patrícia 
700 1 |a Staríčková, Zuzana 
710 2 |a Národohospodárska fakulta EU. Katedra financií